Normal view
MARC view
- LEVINE,W.LAWRENCE
Entry Personal Name
001 - CONTROL NUMBER
- control field: 132512
003 - CONTROL NUMBER IDENTIFIER
- control field: NUST
005 - DATE AND TIME OF LATEST TRANSACTION
- control field: 20251219154016.0
008 - FIXED-LENGTH DATA ELEMENTS
- fixed length control field: 251219|| aca||aabn | a|a d
040 ## - CATALOGING SOURCE
- Original cataloging agency: NUST
- Transcribing agency: NUST
100 ## - HEADING--PERSONAL NAME
- Personal name: LEVINE,W.LAWRENCE
670 ## - SOURCE DATA FOUND
- Source citation: Work cat.: (NUST): LEVINE,W.LAWRENCE., THE UNPREDICTABLE PAST EXPLORATIONS IN AMERICAN CULTURAL HISTORY/, 1993.
